000 01050cam a2200253 4500
001 X113033
008 000000n2001 000 0 eng u
035 _a(Sirsi) u113033
100 _aHellowell, M.
245 _aWhere would we be without PFIs
260 _c2001
490 _aBuilding Trade and Industry
_v17(5) May 2001, 10-11(2)
520 _aAssesses the success of the Private Finance Initiative since its launch in 1992 but expresses concerns that whilst the widespread adoption of PFI/PPP for public procurement has benefited major contractors, who are able to diversify into areas such as facilities management to maximise profits, the future is not so bright for small and medium sized contractors.
650 _aCONSTRUCTION INDUSTRY
650 _aCONTRACTORS
650 _aPFI
650 _aPUBLIC PRIVATE PARTNERSHIPS
650 _aPRIVATE FINANCE INITIATIVE
650 _aPUBLIC PRIVATE PARTNERSHIP PROGRAMME LTD
650 _aSMES
650 _aSMES
690 _aBUILT ENVIRONMENT-CONSTRUCTION MARKET
942 _n0
999 _c67279
_d67279